[Event "Landesklasse West 2015/2016"]
[Site "?"]
[Date "2015.09.13"]
[Round "1"]
[White "Ulbricht, Olaf"]
[Black "Schley, Thomas"]
[Result "1/2-1/2"]
[WhiteElo "1571"]
[BlackElo "1736"]
[PlyCount "21"]
[EventDate "2015.??.??"]
[WhiteTeam "SV Wartburgstadt Eisenach"]
[BlackTeam "SG Trusetal 92"]

1. e4 c5 2. Nf3 Nc6 3. d4 cxd4 4. Nxd4 g6 5. c3 Bg7 6. Be3 Nf6 7. Bd3 O-O 8.
O-O d6 9. Nd2 Bd7 10. f3 a6 11. a3 1/2-1/2

[Event "Landesklasse West 2015/2016"]
[Site "?"]
[Date "2015.09.13"]
[Round "1"]
[White "Hepp, Ingolf"]
[Black "Becker, Walter"]
[Result "1/2-1/2"]
[WhiteElo "1448"]
[BlackElo "1475"]
[PlyCount "53"]
[EventDate "2015.??.??"]
[WhiteTeam "SG Trusetal 92"]
[BlackTeam "SV Wartburgstadt Eisenach"]

1. e4 d6 2. Nf3 Nf6 3. Nc3 Nc6 4. d4 g6 5. d5 Ne5 6. Nxe5 dxe5 7. Be2 e6 8. Bg5
Bg7 9. Bb5+ c6 10. Bxf6 Bxf6 11. dxc6 Qxd1+ 12. Rxd1 O-O 13. c7 a6 14. Bd7 b5
15. a3 Ra7 16. Ke2 Rxc7 17. Bxc8 Rcxc8 18. Rd6 Ra8 19. Rb6 Rfd8 20. Rd1 Rd4 21.
Rxd4 exd4 22. Nd1 Kg7 23. c3 dxc3 24. Nxc3 Be5 25. g3 Bd4 26. Rb7 Rc8 27. a4
1/2-1/2

[Event "Landesklasse West 2015/2016"]
[Site "?"]
[Date "2015.09.13"]
[Round "1"]
[White "Tischner, Manfred"]
[Black "Voigt, Uwe"]
[Result "1-0"]
[WhiteElo "1718"]
[BlackElo "1538"]
[PlyCount "94"]
[EventDate "2015.??.??"]
[WhiteTeam "SV Wartburgstadt Eisenach"]
[BlackTeam "SG Trusetal 92"]

1. e4 e5 2. Nf3 Nc6 3. d4 exd4 4. Nxd4 Nxd4 5. Qxd4 Qf6 6. Qe3 b6 7. Bc4 Bb7 8.
Nc3 Bc5 9. Qe2 Ne7 10. O-O O-O 11. Be3 Bxe3 12. Qxe3 a6 13. a4 d6 14. Rab1 Qg6
15. f4 Rae8 16. Qd3 Kh8 17. Bxa6 Ba8 18. Bb5 Rd8 19. Rf2 f5 20. Re1 fxe4 21.
Nxe4 c6 22. Ba6 Nd5 23. Qg3 Qxg3 24. hxg3 Nb4 25. Bd3 Nxd3 26. cxd3 d5 27. Ng5
Rd7 28. Rfe2 g6 29. Re6 h6 30. Nf3 Kg7 31. Ne5 Rc7 32. Rxg6+ Kh7 33. Re6 Kg7
34. Kf2 Rf6 35. Ng4 Rxe6 36. Rxe6 Bb7 37. Nxh6 Ba6 38. Ke3 Bc8 39. Nf5+ Kf7 40.
Re5 Kf6 41. Nd6 Kg6 42. g4 Ba6 43. Re6+ Kh7 44. g5 Bc8 45. Re8 Bg4 46. f5 Bh5
47. Re6 b5 1-0

[Event "Landesklasse West 2015/2016"]
[Site "?"]
[Date "2015.09.13"]
[Round "1"]
[White "Wenzel, Erhard"]
[Black "Müller, Frank-D"]
[Result "0-1"]
[WhiteElo "1578"]
[BlackElo "1393"]
[PlyCount "134"]
[EventDate "2015.??.??"]
[WhiteTeam "SG Trusetal 92"]
[BlackTeam "SV Wartburgstadt Eisenach"]

1. d4 d5 2. c4 e5 3. e3 Nc6 4. dxe5 Bb4+ 5. Bd2 dxc4 6. Bxc4 Bxd2+ 7. Nxd2 Nxe5
8. Be2 Nd3+ 9. Bxd3 Qxd3 10. Ngf3 Bd7 11. Rc1 f6 12. Rc3 Qa6 13. a3 O-O-O 14.
Qc2 Bc6 15. Nd4 Ne7 16. b4 Qb6 17. O-O Rxd4 18. exd4 Rd8 19. Rc1 Qxd4 20. Nf3
Qb6 21. Rc5 a6 22. Qe2 Bxf3 23. gxf3 Rd7 24. Re1 Kb8 25. Qc4 Qd6 26. Qe2 Nc6
27. Rcc1 Re7 28. Qd1 Rxe1+ 29. Qxe1 Ne5 30. Kg2 Qd3 31. Qe3 Qg6+ 32. Kh1 Qf5
33. Rc3 Qb1+ 34. Qc1 Qf5 35. Qd1 Qc8 36. f4 Ng4 37. Qe2 f5 38. h3 Nf6 39. Rd3
b6 40. f3 Nh5 41. Qe5 g6 42. Kh2 Qg8 43. Qd4 Qa2+ 44. Rd2 Qb3 45. Qd8+ Kb7 46.
Qd5+ Qxd5 47. Rxd5 Nxf4 48. Rd7 h5 49. Rg7 Kc6 50. Kg3 Ne2+ 51. Kf2 Nf4 52. h4
a5 53. bxa5 bxa5 54. Re7 Kd6 55. Re8 Kc5 56. Kg3 Nd3 57. f4 Kd4 58. Ra8 c5 59.
Rxa5 c4 60. Kf3 c3 61. Ra4+ Kd5 62. Ra8 c2 63. Rc8 Nc5 64. Ke2 c1=Q 65. Rd8+
Kc4 66. Rd2 Kb3 67. a4 Qc4+ 0-1

[Event "Landesklasse West 2015/2016"]
[Site "?"]
[Date "2015.09.13"]
[Round "1"]
[White "Essegern, Kurt"]
[Black "Thon, Philipp"]
[Result "1-0"]
[WhiteElo "1941"]
[BlackElo "1890"]
[PlyCount "49"]
[EventDate "2015.??.??"]
[WhiteTeam "Randspringer Bad Salzungen"]
[BlackTeam "SV Ammern"]

1. e4 e5 2. Nf3 Nc6 3. Bc4 Bc5 4. c3 Nf6 5. d4 exd4 6. cxd4 Bb4+ 7. Nc3 Nxe4 8.
O-O Bxc3 9. d5 Bf6 10. Re1 O-O 11. Rxe4 Na5 12. Bd3 d6 13. g4 b6 14. g5 Be7 15.
b4 Nb7 16. Qe2 Bf5 17. Nd4 Bxg5 18. Nxf5 Bxc1 19. Ne7+ Kh8 20. Rxc1 a5 21. Qh5
h6 22. Qf5 axb4 23. Re6 g6 24. Qf6+ Kh7 25. Bxg6+ 1-0

[Event "Landesklasse West 2015/2016"]
[Site "?"]
[Date "2015.09.13"]
[Round "1"]
[White "Schorch, Rüdiger"]
[Black "Hübschmann, Holger"]
[Result "1-0"]
[WhiteElo "1969"]
[BlackElo "1903"]
[PlyCount "45"]
[EventDate "2015.??.??"]
[WhiteTeam "SV Ammern"]
[BlackTeam "Randspringer Bad Salzungen"]

1. c4 Nf6 2. Nc3 c5 3. Nf3 Nc6 4. g3 g6 5. Bg2 Bg7 6. O-O d5 7. cxd5 Nxd5 8.
Ng5 e6 9. Nge4 b6 10. Nxd5 exd5 11. Qa4 Bb7 12. Nc3 Bxc3 13. dxc3 O-O 14. Rd1
Na5 15. e4 Bc6 16. Qc2 Rc8 17. exd5 Bd7 18. c4 Qf6 19. Bd2 Bf5 20. Qc1 Nb7 21.
Bc3 Qd6 22. Re1 Rfe8 23. Qg5 1-0

[Event "Landesklasse West 2015/2016"]
[Site "?"]
[Date "2015.09.13"]
[Round "1"]
[White "Schulz, Tilo"]
[Black "Wegerich, Michael"]
[Result "1/2-1/2"]
[WhiteElo "1870"]
[BlackElo "1938"]
[PlyCount "23"]
[EventDate "2015.??.??"]
[WhiteTeam "Randspringer Bad Salzungen"]
[BlackTeam "SV Ammern"]

1. e4 c5 2. Nf3 Nc6 3. d4 cxd4 4. Nxd4 Qb6 5. Nb5 a6 6. Be3 Qa5+ 7. Bd2 Qd8 8.
N5c3 Nf6 9. Be3 e6 10. Be2 Be7 11. O-O O-O 12. Qd2 1/2-1/2

[Event "Landesklasse West 2015/2016"]
[Site "?"]
[Date "2015.09.13"]
[Round "1"]
[White "Kampfhenkel, Ulrich"]
[Black "Feldmann, Bernd"]
[Result "1-0"]
[WhiteElo "1862"]
[BlackElo "1869"]
[PlyCount "57"]
[EventDate "2015.??.??"]
[WhiteTeam "SV Ammern"]
[BlackTeam "Randspringer Bad Salzungen"]

1. e4 e6 2. d4 d5 3. Nc3 Nf6 4. Bg5 Be7 5. e5 Nfd7 6. h4 a6 7. Qg4 f5 8. exf6
Nxf6 9. Qe2 c5 10. dxc5 Qa5 11. O-O-O O-O 12. Kb1 Bxc5 13. Nf3 Nc6 14. Bd2 Qc7
15. Ng5 e5 16. Nxd5 Nxd5 17. Qe4 Nf6 18. Qc4+ Kh8 19. Qxc5 Bf5 20. Bc3 h6 21.
Bd3 b6 22. Qc4 Ng4 23. Bxf5 Nxf2 24. Rd7 Qxd7 25. Bxd7 Nxh1 26. Nf7+ Kh7 27.
Bxc6 b5 28. Qe4+ g6 29. h5 1-0

[Event "Landesklasse West 2015/2016"]
[Site "?"]
[Date "2015.09.13"]
[Round "1"]
[White "Roth, Ralf"]
[Black "Kurze, Christoph"]
[Result "1-0"]
[WhiteElo "1772"]
[BlackElo "1853"]
[PlyCount "73"]
[EventDate "2015.??.??"]
[WhiteTeam "Randspringer Bad Salzungen"]
[BlackTeam "SV Ammern"]

1. d4 e6 2. c4 Nf6 3. Nf3 b6 4. g3 Bb7 5. Bg2 Be7 6. Nc3 O-O 7. O-O a5 8. Re1
d5 9. cxd5 exd5 10. Bf4 Re8 11. Nb5 Na6 12. Rc1 c6 13. Nc3 Bd6 14. Bxd6 Qxd6
15. Qb3 b5 16. Ne5 b4 17. Na4 Nd7 18. Nxd7 Qxd7 19. Nb6 Qd6 20. Nxa8 Rxa8 21.
Qd3 Nc7 22. e4 Rd8 23. e5 Qd7 24. Rc5 Ra8 25. f4 g6 26. h4 h5 27. Kh2 Ba6 28.
Qd2 Bc4 29. Bh3 Qe8 30. b3 Bb5 31. f5 Kg7 32. Rc2 Ra7 33. Qg5 Bd3 34. Qf6+ Kg8
35. Rxc6 Ne6 36. fxe6 Qxc6 37. exf7+ 1-0

[Event "Landesklasse West 2015/2016"]
[Site "?"]
[Date "2015.09.13"]
[Round "1"]
[White "Breuer, Harald"]
[Black "Busch, Alexander"]
[Result "1-0"]
[WhiteElo "1846"]
[BlackElo "1786"]
[PlyCount "69"]
[EventDate "2015.??.??"]
[WhiteTeam "SV Ammern"]
[BlackTeam "Randspringer Bad Salzungen"]

1. e4 d6 2. d4 Nf6 3. Nc3 g6 4. Bd3 Bg7 5. Nge2 O-O 6. O-O e5 7. Bg5 exd4 8.
Nxd4 c5 9. Nf3 h6 10. Bh4 g5 11. Bg3 Nh5 12. Qd2 Nxg3 13. hxg3 Be6 14. Rad1 Nc6
15. Be2 Qa5 16. Nxg5 hxg5 17. Qxg5 Qd8 18. Qh5 Nd4 19. Bg4 Qd7 20. Bxe6 fxe6
21. f4 b5 22. Rd2 b4 23. Nd1 Qf7 24. Qg4 Rad8 25. Ne3 d5 26. f5 exf5 27. exf5
Rd6 28. Rdf2 Kh7 29. Qf4 Bh6 30. Qh4 Qf6 31. Qh3 Kg7 32. Ng4 Qg5 33. f6+ Kh7
34. c3 bxc3 35. bxc3 1-0

[Event "Landesklasse West 2015/2016"]
[Site "?"]
[Date "2015.09.13"]
[Round "1"]
[White "Kunze, Heinz"]
[Black "Salaske, Peter"]
[Result "1/2-1/2"]
[WhiteElo "1661"]
[BlackElo "1832"]
[PlyCount "80"]
[EventDate "2015.??.??"]
[WhiteTeam "Randspringer Bad Salzungen"]
[BlackTeam "SV Ammern"]

1. e4 d5 2. exd5 Qxd5 3. Nc3 Qd6 4. d4 Nf6 5. Nf3 a6 6. Be2 e6 7. O-O Be7 8. h3
b5 9. Ne5 Bb7 10. Bf3 Qb6 11. Be3 Nd5 12. Nxd5 exd5 13. c3 O-O 14. Re1 f6 15.
Nd3 Nd7 16. Nf4 Qd6 17. Bd2 Nb6 18. Re6 Qd8 19. Rxb6 cxb6 20. Ne6 Qd6 21. Nxf8
Bxf8 22. Qe2 Bc6 23. Bf4 Qe7 24. Qxe7 Bxe7 25. Bc7 Bd8 26. Bd6 Ra7 27. Re1 Kf7
28. a3 g6 29. g4 Rd7 30. Bf4 a5 31. b3 Be7 32. b4 Ra7 33. Bc1 Bd6 34. Bg2 g5
35. Bf1 Re7 36. Rxe7+ Kxe7 37. Bd3 h6 38. Bd2 Bd7 39. Kg2 Kf7 40. f4 axb4
1/2-1/2

[Event "Landesklasse West 2015/2016"]
[Site "?"]
[Date "2015.09.13"]
[Round "1"]
[White "Hentrich, Jörg"]
[Black "Keilholz, Stefan"]
[Result "1-0"]
[WhiteElo "1780"]
[BlackElo "1397"]
[PlyCount "37"]
[EventDate "2015.??.??"]
[WhiteTeam "SV Ammern"]
[BlackTeam "Randspringer Bad Salzungen"]

1. e4 c6 2. d4 d5 3. Nc3 dxe4 4. Nxe4 Bf5 5. Ng3 Bg6 6. Nf3 Nd7 7. h4 h6 8. h5
Bh7 9. Bf4 Ngf6 10. Bd3 Bxd3 11. Qxd3 e6 12. O-O-O Be7 13. c4 O-O 14. Qd2 Rc8
15. Ne2 b5 16. c5 Nd5 17. Bxh6 gxh6 18. Qxh6 Re8 19. Rh3 1-0

[Event "Landesklasse West 2015/2016"]
[Site "?"]
[Date "2015.09.13"]
[Round "1"]
[White "Geißhirt, Marco"]
[Black "Petiko, Nikolai"]
[Result "0-1"]
[WhiteElo "1967"]
[BlackElo "1961"]
[PlyCount "72"]
[EventDate "2015.??.??"]
[WhiteTeam "SG Barchfeld/Breitungen"]
[BlackTeam "SV Breitenworbis"]

1. d4 Nf6 2. Nf3 d6 3. g3 g6 4. Bg2 Bg7 5. O-O O-O 6. Nc3 c6 7. e4 Qc7 8. h3
Nbd7 9. Bf4 e5 10. dxe5 dxe5 11. Be3 b5 12. Ne1 a5 13. Nd3 Ba6 14. Qc1 Rfe8 15.
b4 axb4 16. Nxb4 Bb7 17. a4 Bf8 18. Qb2 bxa4 19. Nxa4 Ra5 20. Nd3 Ba6 21. Nc3
Rb8 22. Qc1 Bxd3 23. cxd3 Bc5 24. Bh6 Qa7 25. Ne2 Bxf2+ 26. Kh2 Rxa1 27. Qxa1
Qxa1 28. Rxa1 Nc5 29. Rc1 Nfd7 30. Rc4 Rb2 31. Bf1 f6 32. Kg2 Bd4 33. Kf3 g5
34. Nxd4 exd4 35. Rxd4 Kf7 36. h4 Ne5+ 0-1

[Event "Landesklasse West 2015/2016"]
[Site "?"]
[Date "2015.09.13"]
[Round "1"]
[White "Gast, Rainer"]
[Black "Rommel, Uwe"]
[Result "1/2-1/2"]
[WhiteElo "1839"]
[BlackElo "1869"]
[PlyCount "24"]
[EventDate "2015.??.??"]
[WhiteTeam "SV Breitenworbis"]
[BlackTeam "SG Barchfeld/Breitungen"]

1. d4 g6 2. c4 Bg7 3. Nc3 d6 4. e4 Nd7 5. Be2 e5 6. Nf3 Ne7 7. Bg5 f6 8. Be3
O-O 9. dxe5 fxe5 10. O-O b6 11. Ne1 Nf6 12. Nd3 Bb7 1/2-1/2

[Event "Landesklasse West 2015/2016"]
[Site "?"]
[Date "2015.09.13"]
[Round "1"]
[White "Reum, Lutz"]
[Black "Bötticher, Heinz-Wilfried"]
[Result "1-0"]
[WhiteElo "1796"]
[BlackElo "1819"]
[PlyCount "72"]
[EventDate "2015.??.??"]
[WhiteTeam "SG Barchfeld/Breitungen"]
[BlackTeam "SV Breitenworbis"]

1. d4 d5 2. Nf3 Nf6 3. e3 e6 4. Bd3 c5 5. c3 Nc6 6. Nbd2 Bd6 7. dxc5 Bxc5 8.
Qc2 O-O 9. e4 e5 10. exd5 Qxd5 11. Ne4 Nxe4 12. Bxe4 Qc4 13. Bxh7+ Kh8 14. Bd3
Qg4 15. Be4 f5 16. Bxc6 bxc6 17. O-O Bd6 18. Ng5 Rf6 19. h3 Qh5 20. Qd1 Qg6 21.
Qa4 Bb7 22. Qh4+ Kg8 23. Qc4+ Kh8 24. f4 a5 25. fxe5 Bxe5 26. Qh4+ Kg8 27. Bf4
Bxf4 28. Qxf4 c5 29. Rad1 Ba6 30. Rf2 Re8 31. Rd5 c4 32. Rxf5 Rxf5 33. Qxf5
Re1+ 34. Kh2 Qd6+ 35. g3 Rh1+ 36. Kxh1 Qd1+ 1-0

[Event "Landesklasse West 2015/2016"]
[Site "?"]
[Date "2015.09.13"]
[Round "1"]
[White "Schmidt, Kevin"]
[Black "Petiko, Jakob"]
[Result "0-1"]
[WhiteElo "1620"]
[BlackElo "1920"]
[PlyCount "78"]
[EventDate "2015.??.??"]
[WhiteTeam "SG Barchfeld/Breitungen"]
[BlackTeam "SV Breitenworbis"]

1. d4 Nf6 2. c4 d6 3. Nc3 Nbd7 4. e4 e5 5. d5 Nc5 6. Qc2 a5 7. Be3 b6 8. h3 g6
9. Bd3 Bg7 10. Nge2 h6 11. O-O O-O 12. f4 exf4 13. Bxf4 Nh5 14. Bd2 Nd7 15. Rf2
Ne5 16. Nf4 Nxf4 17. Bxf4 Nxd3 18. Qxd3 f5 19. Re1 fxe4 20. Nxe4 g5 21. Bc1 Bd7
22. Ref1 Qe7 23. b3 Rxf2 24. Rxf2 Re8 25. Ng3 Rf8 26. Re2 Qf7 27. Bb2 Bxb2 28.
Rxb2 g4 29. hxg4 Bxg4 30. Qd4 h5 31. Qe3 Qg6 32. Kh2 Re8 33. Qf4 h4 34. Nf1 Rf8
35. Qc1 Qf6 36. Ne3 Qf4+ 37. Kg1 Re8 38. Qc2 Qxe3+ 39. Kh1 Qe1+ 0-1

[Event "Landesklasse West 2015/2016"]
[Site "?"]
[Date "2015.09.13"]
[Round "1"]
[White "Vergin, Marcel"]
[Black "Abe, Rico"]
[Result "1/2-1/2"]
[WhiteElo "1811"]
[BlackElo "1651"]
[PlyCount "70"]
[EventDate "2015.??.??"]
[WhiteTeam "SV Breitenworbis"]
[BlackTeam "SG Barchfeld/Breitungen"]

1. d4 Nf6 2. Nf3 e6 3. Nbd2 d5 4. e3 Be7 5. Ne5 Nbd7 6. Bd3 Nxe5 7. dxe5 Nd7 8.
f4 Nc5 9. O-O Nxd3 10. cxd3 b6 11. b3 Ba6 12. Nf3 c5 13. Ba3 Rc8 14. Rf2 c4 15.
Bxe7 Kxe7 16. bxc4 Bb7 17. cxd5 Qxd5 18. Rc2 Rxc2 19. Qxc2 Rc8 20. Qd2 Qc5 21.
Nd4 Qc3 22. Qxc3 Rxc3 23. Rd1 a6 24. Rd2 b5 25. Kf2 f6 26. exf6+ gxf6 27. Rc2
Rxc2+ 28. Nxc2 a5 29. e4 b4 30. Ke3 e5 31. g4 Bc8 32. g5 exf4+ 33. Kxf4 fxg5+
34. Kxg5 Be6 35. Nd4 Kd6 1/2-1/2

[Event "Landesklasse West 2015/2016"]
[Site "?"]
[Date "2015.09.13"]
[Round "1"]
[White "Heß, Wolfgang"]
[Black "Biel, Peter"]
[Result "1/2-1/2"]
[WhiteElo "1717"]
[BlackElo "1666"]
[PlyCount "29"]
[EventDate "2015.??.??"]
[WhiteTeam "SG Barchfeld/Breitungen"]
[BlackTeam "SV Breitenworbis"]

1. e4 e6 2. d4 d5 3. Nc3 Bb4 4. e5 c5 5. a3 Bxc3+ 6. bxc3 Nc6 7. Qg4 Nge7 8.
Qxg7 Rg8 9. Qxh7 Qc7 10. Ne2 cxd4 11. f4 dxc3 12. Qd3 Bd7 13. Nxc3 a6 14. Rb1
Nf5 15. g4 1/2-1/2

[Event "Landesklasse West 2015/2016"]
[Site "?"]
[Date "2015.09.13"]
[Round "1"]
[White "Gast, Benedikt"]
[Black "Schirmer, Brian"]
[Result "1-0"]
[WhiteElo "1619"]
[BlackElo "1482"]
[PlyCount "83"]
[EventDate "2015.??.??"]
[WhiteTeam "SV Breitenworbis"]
[BlackTeam "SG Barchfeld/Breitungen"]

1. d4 c6 2. Nf3 d5 3. e3 Bf5 4. Bd3 Bxd3 5. Qxd3 e6 6. Nbd2 Nf6 7. O-O Be7 8.
e4 O-O 9. exd5 Qxd5 10. Nc4 Nbd7 11. Bf4 Rac8 12. Rad1 Nb6 13. Ne3 Qe4 14. Bg5
Qxd3 15. Rxd3 Nfd5 16. Nxd5 Nxd5 17. Bxe7 Nxe7 18. Ra3 a6 19. Rb3 Rc7 20. Rd1
Nd5 21. Ne5 f6 22. Nd3 Rb8 23. Nc5 Re7 24. Nxa6 Rbe8 25. Nb4 Nxb4 26. Rxb4 Rd8
27. Rb3 e5 28. Rbd3 exd4 29. Kf1 c5 30. c3 c4 31. Rxd4 Rxd4 32. Rxd4 b5 33.
Rd8+ Kf7 34. Rd5 Re5 35. Rxe5 fxe5 36. Ke2 Ke6 37. g4 g5 38. Ke3 Kd5 39. f3 h6
40. a3 Kc5 41. Ke4 Kd6 42. Kf5 1-0

[Event "Landesklasse West 2015/2016"]
[Site "?"]
[Date "2015.09.13"]
[Round "1"]
[White "Rockstuhl, Reiner"]
[Black "Klingler, Lutz"]
[Result "0-1"]
[WhiteElo "1805"]
[BlackElo "1933"]
[PlyCount "58"]
[EventDate "2015.??.??"]
[WhiteTeam "Schachclub 1998 Gotha"]
[BlackTeam "SV Schmalkalden 04"]

1. Nf3 g6 2. g3 Bg7 3. Bg2 e5 4. e4 d6 5. Nc3 Nc6 6. d3 Nge7 7. O-O O-O 8. Be3
Nd4 9. Nd2 Be6 10. h3 c5 11. Ne2 Qd7 12. Kh2 f5 13. f3 Nxe2 14. Qxe2 f4 15. Bf2
fxg3+ 16. Bxg3 Bh6 17. h4 Bf4 18. Nc4 Nc6 19. c3 Qe7 20. Bxf4 Rxf4 21. Ne3
Qxh4+ 22. Kg1 Raf8 23. Nd5 Bxd5 24. exd5 Ne7 25. c4 Nf5 26. Rf2 Qg5 27. Qd2 Qg3
28. Raf1 Nd4 29. Qd1 R8f5 0-1

[Event "Landesklasse West 2015/2016"]
[Site "?"]
[Date "2015.09.13"]
[Round "1"]
[White "Lesser, Thomas"]
[Black "Lutzkat, Ulrich"]
[Result "1/2-1/2"]
[WhiteElo "1856"]
[BlackElo "1930"]
[PlyCount "51"]
[EventDate "2015.??.??"]
[WhiteTeam "SV Schmalkalden 04"]
[BlackTeam "Schachclub 1998 Gotha"]

1. e4 c5 2. c3 Nf6 3. e5 Nd5 4. Nf3 e6 5. d4 cxd4 6. cxd4 d6 7. Bb5+ Nc6 8. O-O
Be7 9. Bd2 Qb6 10. Bxc6+ bxc6 11. b3 h6 12. Nc3 Nxc3 13. Bxc3 O-O 14. Rc1 Rd8
15. Qc2 Bb7 16. Rfd1 Rac8 17. Qe2 Qa6 18. Qxa6 Bxa6 19. Rd2 dxe5 20. dxe5 Ba3
21. Rcd1 Rd5 22. Nd4 Bf8 23. Nc2 Be7 24. Re1 Rxd2 25. Bxd2 Bh4 26. Ne3 1/2-1/2

[Event "Landesklasse West 2015/2016"]
[Site "?"]
[Date "2015.09.13"]
[Round "1"]
[White "Manger, Hans-Gerald"]
[Black "Bamberg, Alexander"]
[Result "1/2-1/2"]
[WhiteElo "1806"]
[BlackElo "1865"]
[PlyCount "56"]
[EventDate "2015.??.??"]
[WhiteTeam "Schachclub 1998 Gotha"]
[BlackTeam "SV Schmalkalden 04"]

1. d4 d5 2. c4 e6 3. Nc3 Nf6 4. Bg5 Be7 5. e3 c6 6. Nf3 h6 7. Bh4 O-O 8. Rc1
Re8 9. Bd3 dxc4 10. Bxc4 b5 11. Bd3 Bb7 12. O-O a6 13. Bb1 Nbd7 14. Qc2 g6 15.
Rfd1 Qb6 16. e4 Rac8 17. e5 Nd5 18. Ne4 Bf8 19. Nd6 Bxd6 20. exd6 c5 21. Bg3
cxd4 22. Qd2 Kh7 23. Rxc8 Rxc8 24. Nxd4 Qc5 25. Qe2 N5f6 26. h3 Qg5 27. Nf3 Qh5
28. Nd4 Qg5 1/2-1/2

[Event "Landesklasse West 2015/2016"]
[Site "?"]
[Date "2015.09.13"]
[Round "1"]
[White "Krannich, Steffen"]
[Black "Bauer, Wilfried"]
[Result "1-0"]
[WhiteElo "1814"]
[BlackElo "1596"]
[PlyCount "67"]
[EventDate "2015.??.??"]
[WhiteTeam "SV Schmalkalden 04"]
[BlackTeam "Schachclub 1998 Gotha"]

1. d4 e6 2. Nf3 f5 3. c4 Nf6 4. Nc3 Bb4 5. Bg5 O-O 6. e3 b6 7. Bd3 Bb7 8. O-O
Bxc3 9. bxc3 d6 10. Nd2 Qe8 11. Bxf6 gxf6 12. e4 fxe4 13. Bxe4 Bxe4 14. Nxe4
Qg6 15. Qf3 Nd7 16. a4 a5 17. Rab1 e5 18. Rb5 Kh8 19. Ng3 Qf7 20. Qc6 Rac8 21.
f4 Nb8 22. Qd5 Qd7 23. Qf3 Nc6 24. Qd1 Na7 25. Rb2 Nc6 26. Rb5 Na7 27. Rb2 Nc6
28. d5 Nb8 29. Rbf2 Qe7 30. Nf5 Qd7 31. fxe5 fxe5 32. Qh5 Qxa4 33. Nh6 Rxf2 34.
Rxf2 1-0

[Event "Landesklasse West 2015/2016"]
[Site "?"]
[Date "2015.09.13"]
[Round "1"]
[White "Schlick, Stefan"]
[Black "Burkhardt, Christian"]
[Result "1/2-1/2"]
[WhiteElo "1685"]
[BlackElo "1671"]
[PlyCount "36"]
[EventDate "2015.??.??"]
[WhiteTeam "Schachclub 1998 Gotha"]
[BlackTeam "SV Schmalkalden 04"]

1. d4 d5 2. c4 e6 3. Nc3 Nf6 4. Nf3 c6 5. Bg5 Be7 6. e3 Nbd7 7. Rc1 O-O 8. Qc2
Re8 9. a3 a5 10. Bd3 dxc4 11. Bxc4 Nd5 12. Bxe7 Qxe7 13. O-O Nxc3 14. Qxc3 e5
15. dxe5 Nxe5 16. Nxe5 Qxe5 17. Rfd1 Qxc3 18. Rxc3 Bf5 1/2-1/2

[Event "Landesklasse West 2015/2016"]
[Site "?"]
[Date "2015.09.13"]
[Round "1"]
[White "Himmel, Matthias"]
[Black "Reucker, Friedrich"]
[Result "1/2-1/2"]
[WhiteElo "1564"]
[BlackElo "1592"]
[PlyCount "36"]
[EventDate "2015.??.??"]
[WhiteTeam "SV Schmalkalden 04"]
[BlackTeam "Schachclub 1998 Gotha"]

1. d4 Nf6 2. e3 g6 3. Nf3 Bg7 4. Be2 O-O 5. O-O d6 6. Nbd2 Nc6 7. e4 e5 8. dxe5
dxe5 9. c3 Bg4 10. Qc2 Nh5 11. h3 Bxf3 12. Nxf3 Nf4 13. Be3 Nxe2+ 14. Qxe2 f5
15. Ng5 Qe8 16. Qc4+ Kh8 17. Rad1 h6 18. Nf3 Qf7 1/2-1/2

[Event "Landesklasse West 2015/2016"]
[Site "?"]
[Date "2015.09.13"]
[Round "1"]
[White "Funke, Johannes"]
[Black "Mann, Wolfgang"]
[Result "0-1"]
[WhiteElo "1504"]
[BlackElo "1568"]
[PlyCount "180"]
[EventDate "2015.??.??"]
[WhiteTeam "Schachclub 1998 Gotha"]
[BlackTeam "SV Schmalkalden 04"]

1. d4 Nf6 2. Nf3 g6 3. c4 d6 4. Nc3 Bg7 5. e4 Nc6 6. Be2 O-O 7. O-O e5 8. dxe5
Nxe5 9. Nxe5 dxe5 10. Bg5 c6 11. Qxd8 Rxd8 12. Rad1 Be6 13. f3 h6 14. Be3 Nd7
15. b3 Kf8 16. c5 Ke8 17. Na4 Bf8 18. Bd3 b5 19. cxb6 axb6 20. Nxb6 Nxb6 21.
Bxb6 Rd7 22. Bb1 Rb7 23. Bf2 Ba3 24. Rd2 c5 25. Bd3 Bb4 26. Rc2 Rba7 27. Bxc5
Bxc5+ 28. Rxc5 Rxa2 29. Rxe5 Rd8 30. Bb5+ Kf8 31. Rf2 Ra1+ 32. Rf1 Ra2 33. Kh1
Rdd2 34. Rg1 Bxb3 35. Rc5 Bd1 36. Rc3 Rab2 37. Bc4 h5 38. h4 f6 39. Rd3 Rxd3
40. Bxd3 Rd2 41. Bb1 Kg7 42. Re1 Kh6 43. Kg1 g5 44. hxg5+ Kxg5 45. Rf1 Be2 46.
Rf2 Rd1+ 47. Kh2 Bxf3 48. gxf3 Rxb1 49. Kg3 h4+ 50. Kh3 Rb3 51. Rg2+ Kf4 52.
Kxh4 Rxf3 53. Rg4+ Ke5 54. Rg8 Kxe4 55. Re8+ Kf4 56. Ra8 Re3 57. Ra4+ Re4 58.
Ra1 f5 59. Kh3 Re2 60. Ra8 Kf3 61. Rf8 f4 62. Rf7 Re5 63. Kh2 Rg5 64. Ra7 Rg2+
65. Kh1 Re2 66. Ra1 Kf2 67. Rf1+ Kg3 68. Rg1+ Kf3 69. Ra1 Ke3 70. Kg1 Rd2 71.
Re1+ Kf3 72. Re8 Rd1+ 73. Kh2 Kf2 74. Rf8 f3 75. Ra8 Rd2 76. Kh1 Rd1+ 77. Kh2
Re1 78. Ra2+ Re2 79. Ra3 Kf1+ 80. Kh1 Kf2 81. Ra8 Kf1 82. Ra7 Re4 83. Ra1+ Re1
84. Ra2 f2 85. Ra8 Ke2+ 86. Kh2 f1=Q 87. Re8+ Kd2 88. Rd8+ Qd3 89. Rg8 Re2+ 90.
Kg1 Qg3+ 0-1

[Event "Landesklasse West 2015/2016"]
[Site "?"]
[Date "2015.09.13"]
[Round "1"]
[White "Abe, Andreas"]
[Black "Müller, Martin"]
[Result "1/2-1/2"]
[WhiteElo "1537"]
[BlackElo "1361"]
[PlyCount "48"]
[EventDate "2015.??.??"]
[WhiteTeam "SV Schmalkalden 04"]
[BlackTeam "Schachclub 1998 Gotha"]

1. e4 c5 2. Nf3 d6 3. d4 cxd4 4. Nxd4 Nc6 5. Nc3 Nf6 6. Be3 a6 7. Be2 e6 8. O-O
Be7 9. f3 O-O 10. a3 Bd7 11. Qd2 b5 12. b4 Rc8 13. Nxc6 Bxc6 14. a4 Qc7 15.
axb5 axb5 16. Ra7 Qd8 17. Bxb5 d5 18. Bxc6 Rxc6 19. exd5 exd5 20. b5 Rc4 21.
Ne2 Bc5 22. Bxc5 Rxc5 23. Nd4 Qb6 24. Rfa1 Rxb5 1/2-1/2

[Event "Landesklasse West 2015/2016"]
[Site "?"]
[Date "2015.10.25"]
[Round "2"]
[White "Messerschmidt, Daniel"]
[Black "Hocke, Sebastian"]
[Result "1/2-1/2"]
[WhiteElo "1863"]
[BlackElo "2043"]
[PlyCount "48"]
[EventDate "2015.??.??"]
[WhiteTeam "SG Trusetal 92"]
[BlackTeam "ESV Lok Meiningen"]

1. c4 e5 2. Nc3 Nf6 3. g3 d5 4. cxd5 Nxd5 5. Bg2 Nb6 6. d3 Nc6 7. Nf3 Be7 8.
O-O O-O 9. a3 a5 10. Bd2 Be6 11. Na4 Nd7 12. Rc1 f5 13. Be3 f4 14. Bc5 Ra6 15.
d4 e4 16. Ne5 Nxc5 17. Nxc5 Bxc5 18. Nxc6 Rxc6 19. dxc5 Qxd1 20. Rfxd1 f3 21.
exf3 exf3 22. Bf1 Bb3 23. Bc4+ Bxc4 24. Rxc4 b6 1/2-1/2

[Event "Landesklasse West 2015/2016"]
[Site "?"]
[Date "2015.10.25"]
[Round "2"]
[White "Scheftlein, Richard"]
[Black "Messerschmidt, Nick"]
[Result "1-0"]
[WhiteElo "2058"]
[BlackElo "1935"]
[PlyCount "61"]
[EventDate "2015.??.??"]
[WhiteTeam "ESV Lok Meiningen"]
[BlackTeam "SG Trusetal 92"]

1. d4 Nf6 2. c4 g6 3. Nc3 Bg7 4. e4 d6 5. Nf3 O-O 6. Be2 e5 7. O-O Nc6 8. d5
Ne7 9. Ne1 Ne8 10. Be3 f5 11. f3 f4 12. Bf2 g5 13. c5 h5 14. Rc1 Rf7 15. Nb5
Bh6 16. Nxa7 Bd7 17. Qb3 g4 18. c6 g3 19. cxd7 gxf2+ 20. Rxf2 Nf6 21. Qxb7 Nxe4
22. fxe4 f3 23. Rc3 Rb8 24. Qxb8 Qxb8 25. Nc8 Rf8 26. Nxe7+ Kh7 27. Nc6 Qxb2
28. Rcxf3 Qc1 29. Rxf8 Qxe1+ 30. Rf1 Be3+ 31. Kh1 1-0